LEADER 03768nam0 2200493 i 450 001 BVEE014044 005 20170908093159.0 012 $aseis I.j. i.I* Syue (3) 1573 (R)$2fei$9i.IAE 100 $a20131204d1573 ||||0itac50 ba 101 | $alat 102 $abe 181 1$6z01$ai $bxxxe 182 1$6z01$an 200 1 $aDauidis regis ac prophetae aliorumque sacrorum vatum Psalmi, ex Hebraica veritate in Latinum carmen à Benedicto Aria Montano obseruantissimè conuersi. ... 210 $aAntuerpiae$cex officina Christophori Plantini, architypographi regij$d1573 215 $a319, \9! p.$d4º 300 $aMarca (B11009) sul front 300 $aCors. ; eb. ; gr. ; rom 300 $aSegn.: A-Z⁴a-s⁴ 300 $aIniziali xil 300 $aVar. B: Antuerpiae : ex officina Christophori Plantini, architypographi regij, 1574. Il front. non è ricomposto varia solo la data. 316 $a1 v. (Variante B. - timbro RB sl front. - Nota manoscritta sul frontespizio:Coll. Neap. ni soc. Jesu)$5IT-NA0079, V.F. 3 C 10 316 $a1 v. (Variante B. - Timbro RB sul frontespizio. - Nota manoscritta sul front.: Ex libris Biblioth. S. M.a in Porticu ... )$5IT-NA0079, V.F. 3 C 10 317 $aPossessore: *Gesuiti . $5IT-NA0079 V.F. 3 C 10 317 $aPossessore: *Convento di Santa Maria in Portico . $5IT-NA0079 V.F. 160 N 8 500 11$aBibbia. Antico Testamento. Salmi $3SBN0073942$955643 702 1$aArias Montano$b, Benito$3UFIV044365 712 02$aPlantin, Christophe$3BVEV017379$4650 712 02$aGesuiti$c $3NAPP000036$4390$5IT-NA0079 V.F. 3 C 10 712 02$aConvento di Santa Maria in Portico$c $3NAPP000315$4390$5IT-NA0079 V.F. 160 N 8 790 1$aArias Montanus$b, Benedictus$3UFIV069366$zArias Montano, Benito 791 02$aOfficina Christophori Plantini$3CFIV287577$zPlantin, Christophe 791 02$aPlantinus, Christophorus$3PUVV315936$zPlantin, Christophe 801 3$aIT$bIT-NA0079$c20131204 850 $aIT-NA0079 899 1$aBiblioteca Nazionale Vittorio Emanuele III$bNA0079$42 esemplari$eS$uhttp://books.google.com/books?vid=IBNN:BNVA1001527210 912 $aBVEE014044 921 $aBVEM001079$bIn cornice figurata: una mano regge un compasso. Sullo sfondo paesaggio marino con navi. Motto: Constantia et labore.$cD18104 921 $aBVEM001213$bIn cornice una mano che esce dalle nuvole tiene un compasso che traccia un cerchio. Sullo sfondo città di Anversa. Motto: Labore et Constantia.$cB11009$dSul front. 950 0$aBiblioteca Nazionale Vittorio Emanuele III$c1 v.$d BNV.F. 3 C 10$e BN 0006187195 H 1 v. (Variante B. - timbro RB sl front. - Nota manoscritta sul frontespizio:Coll. Neap. ni soc. Jesu)$fC $h20130709$i20130709$ltimbro RB sl front$mTimbri storici della biblioteca proprietaria$lNota manoscritta sul frontespizio:Coll. Neap. ni soc. Jesu$mNote, dedica, postille e note di possesso manoscritte$c1 v.$d BNV.F. 160 N 8$e BNVA10015272105 B 1 v. (Variante B. - Timbro RB sul frontespizio. - Nota manoscritta sul front.: Ex libris Biblioth. S. M.a in Porticu ... )$fC $h20131204$i20131204$lTimbro RB sul frontespizio$mTimbri storici della biblioteca proprietaria$lNota manoscritta sul front.: Ex libris Biblioth. S. M.a in Porticu ...$mNote, dedica, postille e note di possesso manoscritte 956 $aBiblioteca Nazionale Vittorio Emanuele III$b1$c $d $eBNVA1001527210$uhttp://books.google.com/books?vid=IBNN:BNVA1001527210$z BNV.F. 160 N 8 977 $a BN 996 $aBibbia. Antico Testamento. Salmi$955643 997 $aUNISANNIO LEADER 01485nam0 2200385 i 450 001 MIL0440006 005 20251003044233.0 010 $a8814077614 020 $aIT$b2000-6302 100 $a20130319d1999 ||||0itac50 ba 101 | $aita 102 $ait 181 1$6z01$ai $bxxxe 182 1$6z01$an 200 1 $aIl divieto del patto commissorio$fFulvio Gigliotti 210 $aMilano$cGiuffr$d1999 215 $aXV, 338 p.$d24 cm. 225 | $aIl diritto privato oggi 410 0$1001CFI0212377$12001 $aIl diritto privato oggi 606 $aPatto commissorio$2FIR$3CFIC095912$9I 606 $aPatto commissorio$xDivieti$2FIR$3CFIC112958$9I 676 $a346$9Diritto privato$v12 676 $a346.45074$9DIRITTO COMMERCIALE. TRANSAZIONI CON GARANZIA. ITALIA$v21 676 $a346.45074$9DIRITTO COMMERCIALE. TRANSAZIONI CON GARANZIA. ITALIA$v22 700 1$aGigliotti$b, Fulvio$3CFIV163648$4070$0258629 801 3$aIT$bIT-000000$c20130319 850 $aIT-BN0095 $aIT-AV0007 901 $bNAP 01$cD $n$ 901 $bNAP AV$cSALA C $nSala consultazione 901 $bNAP AV$cSEZ. M $nSezione Moderna 912 $aMIL0440006 950 0$aBiblioteca Centralizzata di Ateneo$d 01D (AR) 27 610$e 01AR 0700276105 VMA 1 v.$fY $h20250317$i20250317 977 $a 01$a AV 996 $aDivieto del patto commissorio$9698182 997 $aUNISANNIO